Crisis at the WTO (Record no. 92621)

MARC details
000 -LEADER
fixed length control field 01455nam a2200289Ii 4500
003 - CONTROL NUMBER IDENTIFIER
control field URS
005 - DATE AND TIME OF LATEST TRANSACTION
control field 20260218110152.0
008 - FIXED-LENGTH DATA ELEMENTS--GENERAL INFORMATION
fixed length control field 221202s xx 000 0 und d
040 ## - CATALOGING SOURCE
Transcribing agency URS
Modifying agency
100 1# - MAIN ENTRY--PERSONAL NAME
Personal name Lehne, Jens,
Relator term author
245 #0 - TITLE STATEMENT
Title Crisis at the WTO
246 ## - VARYING FORM OF TITLE
Title proper/short title Is the Blocking of Appointments to the WTO Appellate Body by the United States Legally Justified?
264 #1 - PRODUCTION, PUBLICATION, DISTRIBUTION, MANUFACTURE, AND COPYRIGHT NOTICE
Place of production, publication, distribution, manufacture Berlin; Bern
Name of producer, publisher, distributor, manufacturer Carl Grossmann Verlag
Date of production, publication, distribution, manufacture, or copyright notice 2019
300 ## - PHYSICAL DESCRIPTION
Extent 1 online resource (172 pages)
336 ## - CONTENT TYPE
Content type term text
Content type code txt
Source rdacontent
337 ## - MEDIA TYPE
Media type term computer
Media type code c
Source rdamedia
338 ## - CARRIER TYPE
Carrier type term online resource
Carrier type code cr
Source rdacarrier
490 ## - SERIES STATEMENT
Series statement sui generis
520 ## - SUMMARY, ETC.
Summary, etc. Since 2017, the United States has blocked all appointments to the Appellate Body of the World Trade Organization (WTO), thereby threatening to destroy the WTO's dispute settlement system, one of the most active dispute settlement systems in international law and a central pillar of the multilateral trading system. The United States justifies its blockage with allegations of judicial overreach, claiming that the Appellate Body in its jurisprudence has not complied with the WTO treaties.
653 ## - INDEX TERM--UNCONTROLLED
Uncontrolled term International Law
653 ## - INDEX TERM--UNCONTROLLED
Uncontrolled term Law
653 ## - INDEX TERM--UNCONTROLLED
Uncontrolled term Recht
653 ## - INDEX TERM--UNCONTROLLED
Uncontrolled term V�Lkerrecht
653 ## - INDEX TERM--UNCONTROLLED
Uncontrolled term Wto Law
856 ## - ELECTRONIC LOCATION AND ACCESS
Uniform Resource Identifier <a href="https://docs.google.com/spreadsheets/d/1yKIrdCPDAG_9c22mwoOIO2DOhtj65Wqa/edit?usp=sharing&ouid=106555315294820607512&rtpof=true&sd=true ">https://docs.google.com/spreadsheets/d/1yKIrdCPDAG_9c22mwoOIO2DOhtj65Wqa/edit?usp=sharing&ouid=106555315294820607512&rtpof=true&sd=true </a>
Link text List of Curated E-Books
942 ## - ADDED ENTRY ELEMENTS (KOHA)
Koha item type E-Book
Source of classification or shelving scheme Library of Congress Classification

No items available.

University of Rizal System
Email us at univlibservices@urs.edu.ph

Visit our Website www.urs.edu.ph/library